[Event "RSSS-ch"]
[Site "Ekaterinburg"]
[Date "2014.09.27"]
[Round "5"]
[White "Sjugirov, Sanan"]
[Black "Balashov, Stepan"]
[Result "1-0"]
[WhiteElo "2664"]
[BlackElo "1886"]
[PlyCount "49"]
[EventDate "2014.09.23"]
[EventType "swiss"]
[EventRounds "9"]
[EventCountry "RUS"]
[SourceTitle "EXT 2015"]
[Source "ChessBase"]
[SourceDate "2014.11.20"]
[SourceVersion "1"]
[SourceVersionDate "2014.11.20"]
[SourceQuality "1"]

1. d4 d5 2. c4 e6 3. Nf3 c6 4. g3 Nf6 5. Bg2 Be7 6. 0-0 Nbd7 7. Qc2 Ne4 8. Nc3 f5 9. Rb1 0-0 10. b4 a5 11. b5 Bb4 12. Nd1 Be7 13. Nc3 cxb5 14. Nxb5 Nb6 15. c5 Nc4 16. Na3 Nxa3 17. Bxa3 Qc7 18. Rb6 Bf6 19. Rfb1 Re8 20. e3 g5 21. Ne1 Qg7 22. Nd3 h5 23. f3 Bxd4 24. exd4 Qxd4+ 25. Nf2 1-0

[Event "RSSS-ch"]
[Site "Ekaterinburg"]
[Date "2014.09.26"]
[Round "4"]
[White "Balashov, Stepan"]
[Black "Bernadskiy, Vitaliy"]
[Result "1/2-1/2"]
[WhiteElo "1886"]
[BlackElo "2559"]
[PlyCount "58"]
[EventDate "2014.09.23"]
[EventType "swiss"]
[EventRounds "9"]
[EventCountry "RUS"]
[SourceTitle "EXT 2015"]
[Source "ChessBase"]
[SourceDate "2014.11.20"]
[SourceVersion "1"]
[SourceVersionDate "2014.11.20"]
[SourceQuality "1"]

1. d4 f5 2. c4 Nf6 3. Nc3 d6 4. g3 g6 5. Bg2 Bg7 6. Nf3 0-0 7. 0-0 Nc6 8. Re1 Ne4 9. e3 Nxc3 10. bxc3 e5 11. e4 fxe4 12. Rxe4 Bf5 13. Re1 exd4 14. Nxd4 Nxd4 15. cxd4 c6 16. Be3 Qd7 17. Qa4 Qf7 18. Rad1 a6 19. Qb4 Rad8 20. Bf4 Qd7 21. c5 dxc5 22. Qxc5 Bg4 23. Re7 Bxd1 24. Rxd7 Rxd7 25. Bh3 Rdd8 26. Be6+ Kh8 27. Be5 Bf6 28. Qe7 Bxe5 29. dxe5 Bf3 1/2-1/2